00342nam a2200133 a 4500008004100000020001500041050001500056100002400071245003800095250001200133260003200145300002200177350000900199120416s1989 ||||||||||||||||| || u a0075539802 aHB 172 Sch aSchiller, Bradley R14aThe Micro economy today (4th ed.) a4th ed. aNew YorkbMcGraw-Hillc1989 axvi, 531p. : ill. a0.00